000 00551nam a22001937a 4500
005 20251108170951.0
008 250721s9999 xx 000 0 ara d
082 1 4 _aط/599.74/اشر
100 1 _aأشرف، وفاء
245 1 0 _aالأسد /
264 1 _aبيروت :
_bدار الكتب الحديثة،
300 _a16ص : مص
490 0 _aأريد أن أعرف ؛ 1
650 1 7 _aالأسود
650 1 7 _aالحيوانات
653 _aاطفال مرحلة متوسطة (6-9)سنوات
942 _2ddc
_cBK
999 _c53251
_d53251